Marketing - mix - tvorba a realizácia v mikroprostredí firmy : Diplomová práca

Gespeichert in:
Bibliographische Detailangaben
1. Verfasser: Naništová, Lucia (Verfasst von)
Weitere Verfasser: Brezník, Jozef, 1939- (xxx)
Format: Manuskript Buch
Sprache:Slowakisch
Veröffentlicht: Trnava : STU v Bratislave MtF KPIM, 2004
Schlagworte:
Tags: Tag hinzufügen
Keine Tags, Fügen Sie das erste Tag hinzu!

MARC

LEADER 00000ntm a22000003a 4500
001 stu89412
005 20160719154602.9
008 040730s2004----xo------------------slo-d
040 |a STU  |b slo 
041 0 |a slo 
044 |a xo 
100 1 |a Naništová, Lucia  |4 aut 
245 1 |a Marketing - mix - tvorba a realizácia v mikroprostredí firmy :  |b Diplomová práca 
260 |a Trnava :  |b STU v Bratislave MtF KPIM,  |c 2004 
300 |a 88 s  |c príl., CD 
650 7 |a priemyselné inžinierstvo a manažment  |2 stusub 
700 1 |a Brezník, Jozef,  |d 1939-  |4 xxx  |u M190  |U MTF Materiálovotechnologická fakulta  |T MTF Katedra priemyselného inžinierstva a manažmentu  |X 3647  |U M190  |Y 167  |7 A000003647 
996 |b 284M060064  |c M*DP-5298  |l MMSKP  |s P  |a 0  |w stu89412_0001